000 00480nam a2200181 a 4500
001 1754910598047
003 ACL
005 20250811164519.0
008 250811s2008##################000#0#eng##
020 _a9780521102087
082 0 4 _a983.03
_bGON
100 1 _aGóngora, Mario,
_eauthor.
245 1 0 _aStudies in the Colonial History of Spanish America :
260 _bCambridge University Press,
_c2008.
650 0 _aHistory.
942 _cENGLISH
040 _aACL
_beng
_cACL
999 _c580196
_d580196